Data-Centric Business and Applications Evolvements in Business Information Processing and Management-Volume 1 /

This book discusses processes and procedures in information/data processing and management. The global market is becoming more and more complex with an increased availability of data and information, and as a result doing business with information is becoming more popular, with a significant impact...

Full description

Bibliographic Details
Corporate Author: SpringerLink (Online service)
Other Authors: Kryvinska, Natalia (Editor, http://id.loc.gov/vocabulary/relators/edt), Greguš, Michal (Editor, http://id.loc.gov/vocabulary/relators/edt)
Format: Electronic eBook
Language:English
Published: Cham : Springer International Publishing : Imprint: Springer, 2019.
Edition:1st ed. 2019.
Series:Lecture Notes on Data Engineering and Communications Technologies, 20
Subjects:
Online Access:Full Text via HEAL-Link
LEADER 03970nam a2200529 4500
001 978-3-319-94117-2
003 DE-He213
005 20191022141951.0
007 cr nn 008mamaa
008 180716s2019 gw | s |||| 0|eng d
020 |a 9783319941172  |9 978-3-319-94117-2 
024 7 |a 10.1007/978-3-319-94117-2  |2 doi 
040 |d GrThAP 
050 4 |a Q342 
072 7 |a UYQ  |2 bicssc 
072 7 |a TEC009000  |2 bisacsh 
072 7 |a UYQ  |2 thema 
082 0 4 |a 006.3  |2 23 
245 1 0 |a Data-Centric Business and Applications  |h [electronic resource] :  |b Evolvements in Business Information Processing and Management-Volume 1 /  |c edited by Natalia Kryvinska, Michal Greguš. 
250 |a 1st ed. 2019. 
264 1 |a Cham :  |b Springer International Publishing :  |b Imprint: Springer,  |c 2019. 
300 |a XII, 330 p. 112 illus., 97 illus. in color.  |b online resource. 
336 |a text  |b txt  |2 rdacontent 
337 |a computer  |b c  |2 rdamedia 
338 |a online resource  |b cr  |2 rdacarrier 
347 |a text file  |b PDF  |2 rda 
490 1 |a Lecture Notes on Data Engineering and Communications Technologies,  |x 2367-4512 ;  |v 20 
505 0 |a Digital Communications and a Smart World -- WLAN Planning and Performance Evaluation for Commercial Applications -- Optimization of Traffic Fluctuations of a Telecommunication Service Delivery Platform Segment based on Forecasting using Ateb-functions -- Product Usage Data Collection and Challenges of Data Anonymization -- Challenges in Management of Software Testing -- The Role of Variety Engineering in the Co-creation of Value -- Enterprises Servitization for an Efficient Industrial Management a Survey-based Analysis -- Analysis of GDP and Inflation Drivers in the European Union -- Office 365 as a Tool for Effective Internal Communication in Corporate Environment. 
520 |a This book discusses processes and procedures in information/data processing and management. The global market is becoming more and more complex with an increased availability of data and information, and as a result doing business with information is becoming more popular, with a significant impact on modern society immensely. This means that there is a growing need for a common understanding of how to create, access, use and manage business information. As such this book explores different aspects of data and information processing, including information generation, representation, structuring, organization, storage, retrieval, navigation, human factors in information systems, and the use of information. It also analyzes the challenges and opportunities of doing business with information, and presents various perspectives on business information managing. 
650 0 |a Computational intelligence. 
650 0 |a Artificial intelligence. 
650 0 |a Management information systems. 
650 0 |a Economic theory. 
650 1 4 |a Computational Intelligence.  |0 http://scigraph.springernature.com/things/product-market-codes/T11014 
650 2 4 |a Artificial Intelligence.  |0 http://scigraph.springernature.com/things/product-market-codes/I21000 
650 2 4 |a Business Information Systems.  |0 http://scigraph.springernature.com/things/product-market-codes/522030 
650 2 4 |a Economic Theory/Quantitative Economics/Mathematical Methods.  |0 http://scigraph.springernature.com/things/product-market-codes/W29000 
700 1 |a Kryvinska, Natalia.  |e editor.  |4 edt  |4 http://id.loc.gov/vocabulary/relators/edt 
700 1 |a Greguš, Michal.  |e editor.  |4 edt  |4 http://id.loc.gov/vocabulary/relators/edt 
710 2 |a SpringerLink (Online service) 
773 0 |t Springer eBooks 
776 0 8 |i Printed edition:  |z 9783319941165 
776 0 8 |i Printed edition:  |z 9783319941189 
830 0 |a Lecture Notes on Data Engineering and Communications Technologies,  |x 2367-4512 ;  |v 20 
856 4 0 |u https://doi.org/10.1007/978-3-319-94117-2  |z Full Text via HEAL-Link 
912 |a ZDB-2-INR 
950 |a Intelligent Technologies and Robotics (Springer-42732)